National Rail Stations in Essex - Statistics

General Stats
  • This quiz has been taken 302 times
  • The average score is 29 of 74
Answer Stats
Station % Correct
Chelmsford
87%
Colchester
84%
Shenfield
78%
Southend Central
78%
Basildon
75%
Brentwood
74%
Southend Victoria
73%
Braintree
72%
Billericay
68%
Leigh-on-Sea
67%
Rayleigh
63%
Shoeburyness
63%
Wickford
61%
Witham
60%
Clacton-on-Sea
57%
Grays
57%
Southend Airport
57%
Benfleet
56%
Pitsea
54%
Rochford
52%
Westcliff
50%
Southend East
49%
Ingatestone
48%
Prittlewell
48%
Chalkwell
47%
Thorpe Bay
47%
Walton-on-the-Naze
47%
Colchester Town
45%
Manningtree
43%
Hockley
40%
Marks Tey
39%
Burnham-on-Crouch
38%
Laindon
38%
Southminster
38%
Stanford-le-Hope
38%
Chafford Hundred
36%
Stansted Airport
34%
Tilbury Town
34%
Frinton-on-Sea
33%
East Tilbury
32%
Harlow Town
32%
South Woodham Ferrers
32%
Battlesbridge
31%
Wivenhoe
31%
West Horndon
30%
Hatfield Peverel
29%
Kelvedon
29%
Braintree Freeport
28%
Harwich Town
28%
Thorpe-le-Soken
26%
Purfleet
25%
Kirby Cross
24%
North Fambridge
24%
White Notley
24%
Cressing
23%
Harwich International
23%
Ockendon
22%
Harlow Mill
21%
Audley End
20%
Hythe
20%
Stansted Mountfitchet
20%
Weeley
20%
Althorne
18%
Dovercourt
18%
Mistley
18%
Great Bentley
17%
Alresford
15%
Bures
15%
Newport
14%
Wrabness
14%
Roydon
12%
Elsenham
11%
Great Chesterford
10%
Chappel & Wakes Colne
6%
No matching quizzes found
Score Distribution
Percent of People with Each Score
Percentile by Number Answered
Your Score History
You have not taken this quiz